00917naa a22002177a 4500001001000000003000900010005001700019007000300036008003400039040005400073041000900127072001400136100001900150111007700169245007200246260003700318500015200355650002000507650002300527773014900550BR7800922BR-BrBNA20240918180848.0ta230509b bl.||||| |||| 00| 0 por d aBR-BrBNAbporcBiblioteca Nacional de Agricultura a(Pt) aH10b40101 aHeinrich, W.O.1 a4. Congresso Brasileiro de EntomologiacGoiania, GO (Brazil)d6 Jan 19771 aMotivacoes e objetivos na pesquisa do controle integrado das pragas3 aSao Paulo, SP (Brasil): c1977.  aConferencias, palestras e exposicoes realizadas no 4. Congresso Brasileiro de Entomologia Sao Paulo, SP (Brasil): 1977. p. 53-57 (BR7800922-AM)H10  aPraga de Planta aControle Integrado0 tConferencias, palestras e exposicoes realizadas no 4. Congresso Brasileiro de EntomologiawH10 BR7800922gSao Paulo, SP (Brasil), 1977. p. 53-57